Pętle tramwajowe w Częstochowie - Statystyki

Ogólne statystyki
  • Ten quiz został rozwiązany 105 razy
  • Średni wynik to 5 z 6
Statystyki odpowiedzi
Obsługiwane linie Nazwa przystanku na pętli % Poprawnych
1, 2, 3 Fieldorfa-Nila
95%
3 Stadion Raków
91%
1 Kucelin - Szpital
90%
2 Raków - Dworzec PKP
78%
1, 2, 3 Zajezdnia MPK
71%
- Promenada Niemena
53%
Nie znaleziono quizów pasujących do podanych kryteriów
Rozkład punktacji
Procent ludzi z każdym wynikiem
Percentyl według liczby udzielonych odpowiedzi
Twoja historia wyników
Nie rozwiązałeś tego quizu